<?xml version="1.0" encoding="UTF-8"?>
<record
    xmlns:xsi="http://www.w3.org/2001/XMLSchema-instance"
    xsi:schemaLocation="http://www.loc.gov/MARC21/slim http://www.loc.gov/standards/marcxml/schema/MARC21slim.xsd"
    xmlns="http://www.loc.gov/MARC21/slim">

  <leader>00515    a2200181   4500</leader>
  <controlfield tag="003">OSt</controlfield>
  <controlfield tag="005">20240205151417.0</controlfield>
  <controlfield tag="008">240205b        |||||||| |||| 00| 0 eng d</controlfield>
  <datafield tag="020" ind1=" " ind2=" ">
    <subfield code="a">9789381788899 </subfield>
  </datafield>
  <datafield tag="040" ind1=" " ind2=" ">
    <subfield code="c">OCLC</subfield>
  </datafield>
  <datafield tag="082" ind1=" " ind2=" ">
    <subfield code="a">232</subfield>
    <subfield code="b">JAI/M</subfield>
  </datafield>
  <datafield tag="100" ind1=" " ind2=" ">
    <subfield code="a">Jaims, Daniyal P</subfield>
    <subfield code="9">10387</subfield>
  </datafield>
  <datafield tag="245" ind1=" " ind2=" ">
    <subfield code="a">Mahath vachanangal Yesukristhu /</subfield>
    <subfield code="c">Daniyal P. Jaims</subfield>
  </datafield>
  <datafield tag="250" ind1=" " ind2=" ">
    <subfield code="a">1st ed.</subfield>
  </datafield>
  <datafield tag="260" ind1=" " ind2=" ">
    <subfield code="a">Kozhikode:</subfield>
    <subfield code="b">Olive Publications,</subfield>
    <subfield code="c">2012.</subfield>
  </datafield>
  <datafield tag="300" ind1=" " ind2=" ">
    <subfield code="a">113p.</subfield>
  </datafield>
  <datafield tag="942" ind1=" " ind2=" ">
    <subfield code="2">ddc</subfield>
    <subfield code="c">BK</subfield>
    <subfield code="h">232</subfield>
    <subfield code="i">JAI/M</subfield>
    <subfield code="k">232</subfield>
    <subfield code="m">JAI/M</subfield>
  </datafield>
  <datafield tag="952" ind1=" " ind2=" ">
    <subfield code="0">0</subfield>
    <subfield code="1">0</subfield>
    <subfield code="2">ddc</subfield>
    <subfield code="4">0</subfield>
    <subfield code="7">0</subfield>
    <subfield code="8">RELIGION</subfield>
    <subfield code="a">MES</subfield>
    <subfield code="b">MES</subfield>
    <subfield code="c">RELIGION</subfield>
    <subfield code="d">2024-02-05</subfield>
    <subfield code="l">0</subfield>
    <subfield code="o">232 JAI/M</subfield>
    <subfield code="p">45147</subfield>
    <subfield code="r">2024-02-05 15:15:19</subfield>
    <subfield code="v">140.00</subfield>
    <subfield code="w">2024-02-05</subfield>
    <subfield code="y">BK</subfield>
    <subfield code="z">GL48R1</subfield>
  </datafield>
  <datafield tag="999" ind1=" " ind2=" ">
    <subfield code="c">44298</subfield>
    <subfield code="d">44298</subfield>
  </datafield>
</record>
